Polytechnic education in India / (Record no. 129304)

MARC details
000 -LEADER
fixed length control field 00638nam a22002177a 4500
005 - DATE AND TIME OF LATEST TRANSACTION
control field 20170124110054.0
010 ## - LIBRARY OF CONGRESS CONTROL NUMBER
LC control number A-835044
020 ## - INTERNATIONAL STANDARD BOOK NUMBER
Terms of availability 00.00
035 ## - SYSTEM CONTROL NUMBER
System control number A-835044
037 ## - SOURCE OF ACQUISITION
Source of stock number/acquisition Cen Lib/Ret
040 ## - CATALOGING SOURCE
Original cataloging agency DPL
Language of cataloging EN
082 ## - DEWEY DECIMAL CLASSIFICATION NUMBER
Classification number 607.54
Item number CHA
100 ## - MAIN ENTRY--PERSONAL NAME
Personal name Chandrakant, L. S
9 (RLIN) 25978
245 ## - TITLE STATEMENT
Title Polytechnic education in India /
Statement of responsibility, etc by L. S. Chandrakant
260 ## - PUBLICATION, DISTRIBUTION, ETC. (IMPRINT)
Place of publication, distribution, etc Bombay
Name of publisher, distributor, etc D.B. Taraporevala Sons
Date of publication, distribution, etc 1971
270 ## - ADDRESS
Address 210 DR. D. Naoroji Road
City Bombay
300 ## - PHYSICAL DESCRIPTION
Extent 124p.
Dimensions 21cm(Hb)
650 ## - SUBJECT ADDED ENTRY--TOPICAL TERM
Topical term or geographic name as entry element Technical education
9 (RLIN) 25979
650 ## - SUBJECT ADDED ENTRY--TOPICAL TERM
Topical term or geographic name as entry element Technical education -- India
9 (RLIN) 25980
942 ## - ADDED ENTRY ELEMENTS (KOHA)
Source of classification or shelving scheme Dewey Decimal Classification
Koha item type English Books
Classification part 607.54
Call number suffix CHA
Holdings
Withdrawn status Lost status Damaged status Not for loan Home library Current library Date acquired Source of acquisition Cost, normal purchase price Total Checkouts Full call number Barcode Date last seen Copy number Cost, replacement price Price effective from Koha item type
        Central Library Central Library 06/07/2015 Cen Lib/Ret 0.00   607.54 CHA A-835044 06/07/2015 1 0.00 06/07/2015 English Books

© Delhi Public Library
Hit Counter
free hit counter